Life and death of Mr. Badman and The Holy War; (Record no. 91747)

MARC details
000 -LEADER
fixed length control field 00964cam a22002531 4500
001 - CONTROL NUMBER
control field w 06000208
003 - CONTROL NUMBER IDENTIFIER
control field DLC
005 - DATE AND TIME OF LATEST TRANSACTION
control field 20260227112804.0
008 - FIXED-LENGTH DATA ELEMENTS--GENERAL INFORMATION
fixed length control field 740719r19051680enk 000 0beng c
010 ## - LIBRARY OF CONGRESS CONTROL NUMBER
LC control number w 06000208
035 ## - SYSTEM CONTROL NUMBER
System control number (OCoLC)952177
040 ## - CATALOGING SOURCE
Original cataloging agency Washington, D.C. Public Library
Transcribing agency OKentU
Modifying agency OCoLC
-- HU
-- PPPSB
-- DLC
050 00 - LIBRARY OF CONGRESS CALL NUMBER
Classification number PR3329
Item number .L1 1905
100 1# - MAIN ENTRY--PERSONAL NAME
Personal name Bunyan, John,
Dates associated with a name 1628-1688.
245 10 - TITLE STATEMENT
Title Life and death of Mr. Badman and The Holy War;
Statement of responsibility, etc. the text edited by John Brown, D.D.
260 ## - PUBLICATION, DISTRIBUTION, ETC.
Place of publication, distribution, etc. Cambridge [Eng.]
Name of publisher, distributor, etc. The University Press,
Date of publication, distribution, etc. 1905.
300 ## - PHYSICAL DESCRIPTION
Extent vi, [1], 431, [1] p.
Other physical details front.
Dimensions 20 cm.
490 0# - SERIES STATEMENT
Series statement Cambridge English classics
500 ## - GENERAL NOTE
General note The Life and death of Mr. Badman is reprinted (including t.-p.) from the 1st edition, 1680. The Holy War is from the 1st edition, 1682.
650 #0 - SUBJECT ADDED ENTRY--TOPICAL TERM
Topical term or geographic name entry element Spiritual warfare
Form subdivision Fiction.
655 #7 - INDEX TERM--GENRE/FORM
Genre/form data or focus term Christian fiction.
Source of term gsafd
700 1# - ADDED ENTRY--PERSONAL NAME
Personal name Brown, John,
Dates associated with a name 1830-1922,
Relator term ed.
740 0# - ADDED ENTRY--UNCONTROLLED RELATED/ANALYTICAL TITLE
Uncontrolled related/analytical title The Holy War.

No items available.

Powered by Koha